বিষয়বস্তু এড়িয়ে যান
VuFind
ভাষা
English
Deutsch
Español
Français
Italiano
日本語
Nederlands
Português
Português (Brasil)
中文(简体)
中文(繁體)
Türkçe
עברית
Gaeilge
Cymraeg
Ελληνικά
Català
Euskara
Русский
Čeština
Suomi
Svenska
polski
Dansk
slovenščina
اللغة العربية
বাংলা
Galego
Tiếng Việt
Hrvatski
हिंदी
সমস্ত ক্ষেত্রসমূহ
আখ্যা
লেখক
বিষয়
ডাক সংখ্যা
আইসবিএন/আইএসএসএন
ট্যাগ
অনুসন্ধান
বিস্তৃত
অনুসন্ধান
Memoirs of the Indian Mu
সাইট করুন
এই ই-মেইলটি
মুদ্রণ
নথি এক্সপোর্ট করুন
এক্সপোর্ট করুন RefWorks
এক্সপোর্ট করুন EndNoteWeb
এক্সপোর্ট করুন EndNote
permanent_link
লোডিং...
Memoirs of the Indian Mu
গ্রন্থ-পঞ্জীর বিবরন
সংস্থা লেখক:
The Director,Zoologica
ভাষা:
English
হোল্ডিংস
বিবরন
অনুরূপ উপাদানগুলি
স্টাফেদের বিবরণ দেখুন
LEADER
00263nam a22000977a 4500
005
20151028162613.0
008
101230t xxu||||| |||| 00| 0 eng d
110
|a
The Director,Zoologica
|9
29592
245
|a
Memoirs of the Indian Mu
|c
(Bound Volumes)
942
|c
BK
|6
_
999
|c
82580
|d
82580
অনুরূপ উপাদানগুলি
Mu /
অনুযায়ী: Shobhasakthi
প্রকাশিত: (2015)
Fathhul mu een /
অনুযায়ী: Ibrahim Puthur I. C.
প্রকাশিত: (1986)
Fathul Mu`een: malayala paribhasha /
অনুযায়ী: Zainudheen maqdum
প্রকাশিত: (1998)
Dr. Mu Va Collection of Research Papers on Dr Mu Va /
অনুযায়ী: Subramanian, Sv
প্রকাশিত: (1975)
Yan kanta Mu Va /
অনুযায়ী: Mohan, R.
প্রকাশিত: (1975)
লোডিং...